| 000 | 00633nam a2200193 a 4500 | ||
|---|---|---|---|
| 001 | 3012 | ||
| 005 | 20140414131937.0 | ||
| 008 | 060119s19uu xx 00 eng d | ||
| 020 | _a0-439-69025-0 | ||
| 050 |
_aM 158.1 _bC16 2004 |
||
| 100 | _aCanfield, Jack | ||
| 245 |
_aChicken soup for the pre-teen soul 2 / _cJack Canfield, Mark Victor Hansen, Patty Hansen, Irene Dunlap. |
||
| 260 |
_aNew York : _bScholastic, _c2004. |
||
| 300 | _a404 p. ; cm. | ||
| 520 | _aStories abour facing challenges, realizing dreams and making difference. | ||
| 650 | _aCollection of short stories. | ||
| 650 | _aInspirational. | ||
| 999 |
_c112483 _d112483 |
||